規定投球回到達経験のある現役選手(2026) - Statistics

General Stats
  • This quiz has been taken 74 times
  • The average score is 43 of 53
Answer Stats
現所属 到達年 Answer % Correct
阪神 2023~25年 村上頌樹
96%
阪神 2023年 伊藤将司
94%
阪神 2024,25年 才木浩人
94%
DeNA 2018,23~25年 東克樹
94%
巨人 2007~13,21,22年 田中将大
94%
巨人 2013~18,21,23年 則本昂大
94%
巨人 2021~24年 戸郷翔征
94%
日本ハム 2021~25年 伊藤大海
94%
巨人 2023~25年 山﨑伊織
92%
広島 2014,17~19,21,24年 大瀬良大地
92%
ヤクルト 2002~06,08~15年 石川雅規
92%
ヤクルト 2013,15,16,19,22,23年 小川泰弘
92%
日本ハム 2024年 山﨑福也
92%
ロッテ 2021年 石川柊太
92%
中日 2006~11,14~18,20年 涌井秀章
90%
中日 2013~15,17,19~22年 大野雄大
90%
中日 2023~25年 髙橋宏斗
90%
広島 2020~22,24,25 森下暢仁
90%
日本ハム 2016,17,19,20,24,25年 有原航平
90%
西武 2020~23,25年 髙橋光成
90%
阪神 2013~16,18~22年 西勇輝
88%
中日 2019,21~23年 柳裕也
88%
ソフトバンク 2025年 大関友久
88%
オリックス 2021~23,25年 宮城大弥
88%
広島 2023~25年 床田寛樹
86%
ソフトバンク 2018,21~23,25年 上沢直之
86%
ソフトバンク 2024,25年 モイネロ
86%
楽天 2007~09,12~14,17,18,21,24年 岸孝之
86%
ロッテ 2021~25年 小島和哉
84%
楽天 2009~15年 前田健太
82%
西武 2019年 高橋礼
82%
DeNA 2014~16年 藤浪晋太郎
80%
日本ハム 2021~24年 加藤貴之
78%
西武 2023年 平良海馬
78%
ロッテ 2024,25年 種市篤暉
78%
楽天 2024年 早川隆久
76%
西武 2024,25年 隅田知一郎
76%
日本ハム 2025年 北山亘基
75%
阪神 2024年 大竹耕太郎
73%
ヤクルト 2019~22年 青柳晃洋
73%
ソフトバンク 2017年 東浜巨
73%
オリックス 2017~19年 山岡泰輔
73%
西武 2024年 武内夏暉
73%
阪神 2016年 岩貞祐太
69%
オリックス 2020,21,23,25年 九里亜蓮
67%
DeNA 2016年 石田健大
65%
ロッテ 2009,11,13年 唐川侑己
65%
中日 2025年 松葉貴大
63%
楽天 2014年 辛島航
55%
ロッテ 2024,25年 ジャクソン
53%
西武 2021年 松本航
47%
ヤクルト 2016,17年 田口麗斗
45%
オリックス 2020,21年 田嶋大樹
41%
No matching quizzes found
Score Distribution
Percent of People with Each Score
Percentile by Number Answered
Your Score History
You have not taken this quiz